000 00637cam a2200229 4500500
005 20260405003350.0
041 _afre
042 _adc
100 1 0 _aLarmagnac-Matheron, Octave
_eauthor
245 0 0 _aGeschlecht
260 _c2021.
500 _a92
690 _aAllemagne
690 _aDerrida
690 _aIdentité
690 _aincertitude
690 _aMultiple
690 _aMultiplicités
690 _aUnicité
786 0 _nPhilosophie magazine | 153 | 10 | 2021-10-01 | p. 55-55 | 1951-1787
856 4 1 _uhttps://shs.cairn.info/magazine-philosophie-magazine-2021-10-page-55?lang=fr&redirect-ssocas=7080
999 _c2066871
_d2066871